[Event "POL-chT 64th"]
[Site "Karpacz"]
[Date "2008.09.13"]
[Round "8"]
[White "Kozak, Magdalena"]
[Black "Krupa, Monika"]
[Result "1-0"]
[WhiteElo "2195"]
[BlackElo "2265"]
[PlyCount "75"]
[EventDate "2008.09.06"]
[EventType "team-swiss"]
[EventRounds "9"]
[EventCountry "POL"]
[SourceTitle "EXT 2019"]
[Source "ChessBase"]
[SourceDate "2018.10.10"]
[SourceVersion "1"]
[SourceVersionDate "2018.10.10"]
[SourceQuality "1"]
[WhiteTeam "Suwalki Hancza"]
[BlackTeam "Rzeszow Zelmer"]
[WhiteTeamCountry "POL"]
[BlackTeamCountry "POL"]

1. Nf3 Nf6 2. c4 e6 3. Nc3 c5 4. g3 d5 5. cxd5 exd5 6. d4 Nc6 7. Bg2 Be6 8. 0-0 h6 9. Be3 Ng4 10. Bf4 g5 11. Bc1 Be7 12. dxc5 Bxc5 13. e3 Qd7 14. Nd4 Nge5 15. Nb3 Be7 16. Nxd5 Rd8 17. e4 f5 18. Nc5 Bxc5 19. Nf6+ Ke7 20. Nxd7 Rxd7 21. Qc2 b6 22. Be3 f4 23. Bxc5+ bxc5 24. Qxc5+ Kf6 25. Rfd1 Rhd8 26. Rxd7 Rxd7 27. gxf4 gxf4 28. Qc1 f3 29. Qf4+ Kg7 30. Bxf3 Rf7 31. Qg3+ Kh7 32. Bg2 Rg7 33. Qc3 Ng6 34. Qxc6 Bh3 35. Qf6 Nf4 36. Qxf4 Rxg2+ 37. Kh1 Rg4 38. Qf3 1-0

[Event "POL-chT 64th"]
[Site "Karpacz"]
[Date "2008.09.06"]
[Round "1"]
[White "Kozak, Magdalena"]
[Black "Toma, Katarzyna"]
[Result "1/2-1/2"]
[WhiteElo "2195"]
[BlackElo "2212"]
[PlyCount "126"]
[EventDate "2008.09.06"]
[EventType "team-swiss"]
[EventRounds "9"]
[EventCountry "POL"]
[SourceTitle "EXT 2019"]
[Source "ChessBase"]
[SourceDate "2018.10.10"]
[SourceVersion "1"]
[SourceVersionDate "2018.10.10"]
[SourceQuality "1"]
[WhiteTeam "Suwalki Hancza"]
[BlackTeam "Lublin Drakon SKOK Chmielewskiego"]
[WhiteTeamCountry "POL"]
[BlackTeamCountry "POL"]

1. d4 Nf6 2. Nf3 g6 3. c4 Bg7 4. Nc3 d5 5. Bf4 0-0 6. e3 c6 7. h3 Qa5 8. Be2 dxc4 9. Bxc4 b5 10. Bb3 b4 11. Ne2 Nbd7 12. 0-0 Ba6 13. Nd2 c5 14. Nc4 Bxc4 15. Bxc4 cxd4 16. exd4 Nd5 17. Bg3 Rac8 18. Bb3 N7f6 19. Qd3 Rfd8 20. Rfd1 Qb6 21. Rac1 Bh6 22. Rxc8 Rxc8 23. Be5 Rd8 24. Ng3 Qc6 25. Qf3 Bg7 26. Ne2 Qd7 27. Rc1 a5 28. Rc5 a4 29. Bc4 e6 30. g4 Qe7 31. Ra5 Nb6 32. Bb5 Nfd5 33. Bd3 Rc8 34. Qe4 Bf8 35. Kg2 a3 36. bxa3 bxa3 37. Rb5 Na4 38. Qf3 Nac3 39. Nxc3 Rxc3 40. Rb8 f6 41. Bg3 Nb4 42. Rxb4 Qxb4 43. Qe4 Kf7 44. h4 f5 45. gxf5 gxf5 46. Qe3 Qb7+ 47. Kh2 Qd5 48. Qe2 Qxd4 49. Qh5+ Kg8 50. Qg5+ Qg7 51. Qe3 Qd7 52. Qg5+ Bg7 53. Bf1 Rc2 54. h5 h6 55. Qe3 Rc3 56. Qb6 Bd4 57. Qb8+ Kh7 58. Bb5 Qc8 59. Qd6 Bc5 60. Qd2 Be3 61. Qd6 Bc5 62. Qd2 Be3 63. Qd6 Bc5 1/2-1/2

[Event "Polanica Zdroj op-A 44th"]
[Site "Polanica Zdroj"]
[Date "2008.08.26"]
[Round "8"]
[White "Kozak, Magdalena"]
[Black "Kocwin, Bartosz"]
[Result "1-0"]
[WhiteElo "2195"]
[BlackElo "2245"]
[PlyCount "91"]
[EventDate "2008.08.19"]
[EventType "swiss"]
[EventRounds "10"]
[EventCountry "POL"]
[SourceTitle "CBM 126 Extra"]
[Source "ChessBase"]
[SourceDate "2008.11.05"]
[SourceVersion "1"]
[SourceVersionDate "2008.11.05"]
[SourceQuality "1"]

1. d4 Nf6 2. c4 g6 3. Nf3 Bg7 4. g3 0-0 5. Bg2 d6 6. Nc3 Nbd7 7. 0-0 e5 8. e4 c6 9. h3 a6 10. dxe5 dxe5 11. Qc2 Ne8 12. Be3 Qe7 13. Rad1 Nc7 14. a3 a5 15. Rfe1 Ne6 16. Na4 Nec5 17. Nxc5 Nxc5 18. b3 Re8 19. b4 axb4 20. axb4 Na6 21. b5 Nc5 22. Nd2 Be6 23. Ra1 Bf8 24. Bf1 f6 25. Red1 Qc7 26. Rdc1 f5 27. exf5 gxf5 28. Nb3 Rxa1 29. Rxa1 Nxb3 30. Qxb3 f4 31. Bd2 Bc5 32. Re1 cxb5 33. Qxb5 Bd7 34. Qb3 Bc6 35. Bg2 Qg7 36. Bxc6 bxc6 37. Bxf4 Qa7 38. Be3 Qa5 39. Re2 Kf7 40. Bxc5 Qxc5 41. Qf3+ Kg7 42. Rd2 Rf8 43. Rd7+ Kh8 44. Qe2 Rf5 45. g4 Rg5 46. Qf3 1-0

[Event "Polanica Zdroj op-A 44th"]
[Site "Polanica Zdroj"]
[Date "2008.08.25"]
[Round "7"]
[White "Cyfka, Karina"]
[Black "Kozak, Magdalena"]
[Result "1/2-1/2"]
[WhiteElo "2285"]
[BlackElo "2195"]
[PlyCount "49"]
[EventDate "2008.08.19"]
[EventType "swiss"]
[EventRounds "10"]
[EventCountry "POL"]
[SourceTitle "CBM 126 Extra"]
[Source "ChessBase"]
[SourceDate "2008.11.05"]
[SourceVersion "1"]
[SourceVersionDate "2008.11.05"]
[SourceQuality "1"]

1. e4 c5 2. Nf3 e6 3. d4 cxd4 4. Nxd4 Nc6 5. Nc3 d6 6. Nxc6 bxc6 7. Bd3 e5 8. 0-0 Nf6 9. Kh1 Be7 10. f4 0-0 11. fxe5 dxe5 12. Be3 Be6 13. Qe1 Ng4 14. Bg1 Bh4 15. Qe2 Rb8 16. b3 Qa5 17. Na4 Be7 18. Qe1 Qxe1 19. Raxe1 a5 20. Nc5 Bc8 21. Bc4 Nf6 22. Nd3 Bd6 23. Bf2 Bg4 24. Re3 Bh5 25. Bh4 1/2-1/2

[Event "POL-chT 63rd"]
[Site "Ustron"]
[Date "2007.09.05"]
[Round "5"]
[White "Kozak, Magdalena"]
[Black "Dworakowska, Joanna"]
[Result "1/2-1/2"]
[WhiteElo "2188"]
[BlackElo "2320"]
[PlyCount "32"]
[EventDate "2007.09.01"]
[EventType "team-tourn"]
[EventRounds "9"]
[EventCountry "POL"]
[SourceTitle "EXT 2019"]
[Source "ChessBase"]
[SourceDate "2018.10.10"]
[SourceVersion "1"]
[SourceVersionDate "2018.10.10"]
[SourceQuality "1"]
[WhiteTeam "Suwalki Hancza"]
[BlackTeam "Katowice Hetman Szopienice"]
[WhiteTeamCountry "POL"]
[BlackTeamCountry "POL"]

1. d4 g6 2. c4 Bg7 3. Nf3 c5 4. d5 d6 5. e4 Nf6 6. Bd3 e6 7. 0-0 0-0 8. h3 e5 9. Nc3 h6 10. Be3 Nh7 11. Qd2 h5 12. Ng5 Nxg5 13. Bxg5 f6 14. Bh6 Qe7 15. Bxg7 Kxg7 16. a3 a6 1/2-1/2

[Event "Kochan Memorial op-A 18th"]
[Site "Koszalin"]
[Date "2007.08.12"]
[Round "8"]
[White "Tofil, Borys"]
[Black "Kozak, Magdalena"]
[Result "1-0"]
[WhiteElo "2148"]
[BlackElo "2188"]
[PlyCount "93"]
[EventDate "2007.08.05"]
[EventType "swiss"]
[EventRounds "9"]
[EventCountry "POL"]
[SourceTitle "CBM 119 Extra"]
[Source "ChessBase"]
[SourceDate "2007.09.04"]
[SourceVersion "1"]
[SourceVersionDate "2007.09.04"]
[SourceQuality "1"]

1. e4 c5 2. Nf3 e6 3. d4 cxd4 4. Nxd4 a6 5. c4 Nf6 6. Nc3 Bb4 7. Bd3 Nc6 8. Nxc6 dxc6 9. e5 Qa5 10. exf6 Bxc3+ 11. bxc3 Qxc3+ 12. Bd2 Qxd3 13. fxg7 Rg8 14. Bg5 Qc3+ 15. Kf1 Bd7 16. Rb1 Qxc4+ 17. Kg1 Rxg7 18. h4 Qd5 19. Qh5 c5 20. Rd1 Qe4 21. Rh3 Qg6 22. Qf3 Bc6 23. Qc3 f6 24. Rg3 Rg8 25. Bxf6 Qf7 26. Bg5 Qf5 27. Qa5 Rc8 28. Rd8+ Kf7 29. Rdd3 Qe5 30. Qd2 Qc7 31. Qe2 Rg6 32. h5 Rxg5 33. Rxg5 Bd5 34. Rf3+ Bxf3 35. Qxf3+ Ke8 36. Rg8+ Kd7 37. Rg7+ Kd6 38. Rxc7 Rxc7 39. g4 c4 40. Qc3 b5 41. g5 e5 42. f4 exf4 43. g6 hxg6 44. hxg6 Ke6 45. Kf2 Rd7 46. Qa5 Rd6 47. g7 1-0

[Event "Kochan Memorial op-A 18th"]
[Site "Koszalin"]
[Date "2007.08.08"]
[Round "4"]
[White "Warakomska, Anna"]
[Black "Kozak, Magdalena"]
[Result "1/2-1/2"]
[WhiteElo "2135"]
[BlackElo "2188"]
[PlyCount "109"]
[EventDate "2007.08.05"]
[EventType "swiss"]
[EventRounds "9"]
[EventCountry "POL"]
[SourceTitle "CBM 119 Extra"]
[Source "ChessBase"]
[SourceDate "2007.09.04"]
[SourceVersion "1"]
[SourceVersionDate "2007.09.04"]
[SourceQuality "1"]

1. e4 c5 2. Nf3 e6 3. d4 cxd4 4. Nxd4 a6 5. Nc3 Qc7 6. Bd3 Nf6 7. 0-0 Nc6 8. Nb3 d6 9. Qe2 g6 10. Kh1 Bg7 11. f4 0-0 12. Bd2 b5 13. a3 Bb7 14. Rae1 Rae8 15. a4 b4 16. Na2 a5 17. c3 e5 18. cxb4 d5 19. Nxa5 dxe4 20. Bb5 Nd4 21. Qc4 Nxb5 22. Qxc7 Nxc7 23. Nxb7 Nfd5 24. Nd6 Ra8 25. fxe5 e3 26. Bxe3 Rxa4 27. Nc3 Rxb4 28. Bc5 Rxb2 29. Nxd5 Nxd5 30. Nc4 Rc8 31. Nxb2 Rxc5 32. g3 Nc7 33. Nd3 Rd5 34. Rd1 Kf8 35. Rfe1 Ke7 36. Kg2 Ne6 37. h4 h5 38. Kf3 Rd4 39. Nf2 Ra4 40. Re4 Ra3+ 41. Rd3 Ra2 42. Rc3 Rd2 43. Nd3 Bh6 44. Nf4 Rd7 45. Nxe6 Kxe6 46. Rc6+ Kd5 47. Rc3 Ke6 48. Rb3 Kf5 49. e6 fxe6 50. Rb5+ Kf6 51. Rb6 Re7 52. g4 hxg4+ 53. Kxg4 Kf7 54. Rb8 Kf6 55. Rb1 1/2-1/2

[Event "Kochan Memorial op-A 18th"]
[Site "Koszalin"]
[Date "2007.08.07"]
[Round "3"]
[White "Kozak, Magdalena"]
[Black "Sochacki, Wojtek"]
[Result "0-1"]
[WhiteElo "2188"]
[BlackElo "2109"]
[PlyCount "46"]
[EventDate "2007.08.05"]
[EventType "swiss"]
[EventRounds "9"]
[EventCountry "POL"]
[SourceTitle "CBM 119 Extra"]
[Source "ChessBase"]
[SourceDate "2007.09.04"]
[SourceVersion "1"]
[SourceVersionDate "2007.09.04"]
[SourceQuality "1"]

1. d4 d5 2. c4 c6 3. Nc3 Nf6 4. Nf3 e6 5. Bg5 Nbd7 6. e3 Qa5 7. Bxf6 Nxf6 8. Bd3 Bb4 9. Qb3 0-0 10. 0-0 b6 11. Rfc1 c5 12. cxd5 Bxc3 13. bxc3 exd5 14. Qc2 Ba6 15. Ne5 Rac8 16. Bf5 Rc7 17. Qd1 cxd4 18. cxd4 Bc4 19. a4 g6 20. Bh3 Ne4 21. g3 Nd2 22. Qg4 Nb3 23. Nd7 f5 0-1

[Event "Illes Medes op 1st"]
[Site "Illes Medes"]
[Date "2006.12.28"]
[Round "1"]
[White "Kozak, Magdalena"]
[Black "Suba, Mihai"]
[Result "1/2-1/2"]
[WhiteElo "2205"]
[BlackElo "2535"]
[PlyCount "100"]
[EventDate "2006.12.28"]
[EventType "swiss"]
[EventRounds "9"]
[EventCountry "ESP"]
[SourceTitle "CBM 116 Extra"]
[Source "ChessBase"]
[SourceDate "2007.03.07"]
[SourceVersion "1"]
[SourceVersionDate "2007.03.07"]
[SourceQuality "1"]

1. d4 Nf6 2. c4 e6 3. Nc3 Bb4 4. f3 d5 5. a3 Bxc3+ 6. bxc3 c5 7. e3 Qc7 8. cxd5 exd5 9. Ne2 h5 10. Nf4 Bf5 11. Bb5+ Nbd7 12. 0-0 0-0 13. a4 Rfe8 14. Re1 Rac8 15. c4 cxd4 16. Nxd5 Nxd5 17. cxd5 dxe3 18. Bxe3 a6 19. Bd3 Bxd3 20. Qxd3 Qa5 21. Bf2 Rxe1+ 22. Bxe1 Qb6+ 23. Bf2 Qb2 24. Bd4 Rc1+ 25. Rxc1 Qxc1+ 26. Kf2 h4 27. Qe2 Qf4 28. Qe8+ Nf8 29. Be3 Qd6 30. Qe4 f6 31. Qc4 Kf7 32. Bc5 Qxh2 33. Bxf8 Qg3+ 34. Kf1 h3 35. d6+ Kxf8 36. Qc8+ Kf7 37. Qd7+ Kg6 38. gxh3 Qxf3+ 39. Ke1 Qe3+ 40. Kf1 f5 41. Qc7 Qxh3+ 42. Kf2 Qh2+ 43. Kf3 Qe5 44. Qd8 f4 45. d7 Qe3+ 46. Kg2 f3+ 47. Kh2 Qf4+ 48. Kh3 f2 49. Qe8+ Kh6 50. Qh8+ Kg6 1/2-1/2

[Event "Warsaw AIG Life rapid 6th"]
[Site "Warsaw"]
[Date "2006.12.16"]
[Round "7"]
[White "Kozak, Magdalena"]
[Black "Ajrapetjan, Yuriy"]
[Result "1-0"]
[WhiteElo "2205"]
[BlackElo "2403"]
[PlyCount "61"]
[EventDate "2006.12.16"]
[EventType "swiss (rapid)"]
[EventRounds "13"]
[EventCountry "POL"]
[SourceTitle "CBM 115 Extra"]
[Source "ChessBase"]
[SourceDate "2007.01.10"]
[SourceVersion "1"]
[SourceVersionDate "2007.01.10"]
[SourceQuality "1"]

1. d4 Nf6 2. c4 g6 3. g3 Bg7 4. Bg2 0-0 5. Nc3 d6 6. Nf3 Nc6 7. 0-0 a6 8. Re1 e5 9. dxe5 dxe5 10. Bg5 Be6 11. Nd5 e4 12. Nd2 e3 13. Nxe3 h6 14. Bxf6 Bxf6 15. Nd5 Bxb2 16. Rb1 Be5 17. Rxb7 Na5 18. Rb1 c6 19. Nf3 Bg7 20. Ne3 Nxc4 21. Nxc4 Bxc4 22. Qc2 Be6 23. Red1 Qa5 24. Nd4 Qxa2 25. Rb2 Qa3 26. Nxe6 Bxb2 27. Nxf8 Rxf8 28. Qxc6 a5 29. Be4 Kg7 30. Rd7 Qc3 31. Qxg6+ 1-0

[Event "EU-ch U18 Girls"]
[Site "Herceg Novi"]
[Date "2006.09.12"]
[Round "3"]
[White "Leks, Hanna"]
[Black "Kozak, Magdalena"]
[Result "1-0"]
[WhiteElo "2253"]
[BlackElo "2205"]
[PlyCount "165"]
[EventDate "2006.09.10"]
[EventType "swiss"]
[EventRounds "9"]
[EventCountry "MNE"]
[SourceTitle "CBM 114 Extra"]
[Source "ChessBase"]
[SourceDate "2006.11.03"]
[SourceVersion "1"]
[SourceVersionDate "2006.11.03"]
[SourceQuality "1"]

1. e4 c5 2. Nf3 e6 3. d4 cxd4 4. Nxd4 a6 5. Bd3 Nf6 6. 0-0 Qc7 7. Nc3 d6 8. f4 g6 9. Kh1 Bg7 10. Qe2 0-0 11. Bd2 Nbd7 12. Nb3 b6 13. Rae1 Bb7 14. a4 Rfe8 15. Qf2 Rac8 16. h3 Qb8 17. Kh2 d5 18. e5 Ne4 19. Bxe4 dxe4 20. Be3 Ba8 21. Bd4 Nc5 22. Bxc5 bxc5 23. Nxe4 Bxe4 24. Rxe4 c4 25. Na5 Qb4 26. Qe1 Qxb2 27. Nxc4 Qa2 28. Qb1 Qxb1 29. Rxb1 Bf8 30. Rb6 a5 31. Nxa5 Rxc2 32. Rc4 Ra2 33. Nc6 Ra8 34. a5 h5 35. h4 Bg7 36. Rcb4 f6 37. Rb8+ Rxb8 38. Rxb8+ Kh7 39. Re8 Bh6 40. Kg3 fxe5 41. fxe5 Ra3+ 42. Kf2 Bd2 43. Re7+ Kh6 44. Rxe6 Bxa5 45. Ne7 Ra2+ 46. Kg1 Ra1+ 47. Kh2 Ra4 48. Nxg6 Kg7 49. Ra6 Re4 50. g3 Bc3 51. Re6 Kf7 52. Rf6+ Kg7 53. Nf4 Rxe5 54. Rg6+ Kh7 55. Rg5 Kh6 56. Rg8 Rc5 57. Rg6+ Kh7 58. Rg5 Rc6 59. Rxh5+ Kg7 60. Rg5+ Kh7 61. Kg2 Bd2 62. Rf5 Rc2 63. Kf3 Rc3+ 64. Kg4 Ra3 65. Rd5 Be1 66. Nd3 Ra4+ 67. Kh3 Bc3 68. g4 Bf6 69. g5 Bc3 70. h5 Ra7 71. Kg4 Bg7 72. Nf4 Ra1 73. Rd7 Kg8 74. Kf5 Ra5+ 75. Rd5 Ra7 76. Ne6 Kh7 77. Nxg7 Rxg7 78. Ke6 Rg8 79. Rd7+ Kh8 80. Kf6 Ra8 81. g6 Rb8 82. h6 Ra8 83. Ke7 1-0

[Event "POL-chT U19 37th"]
[Site "Szklarska Poreba"]
[Date "2006.07.10"]
[Round "11.17"]
[White "Kozak, Magdalena"]
[Black "Leks, Hanna"]
[Result "0-1"]
[WhiteElo "2205"]
[BlackElo "2253"]
[PlyCount "88"]
[EventDate "2006.07.02"]
[EventType "team-tourn"]
[EventRounds "11"]
[EventCountry "POL"]
[SourceTitle "EXT 2019"]
[Source "ChessBase"]
[SourceDate "2018.10.10"]
[SourceVersion "1"]
[SourceVersionDate "2018.10.10"]
[SourceQuality "1"]
[WhiteTeam "Suwalki Hancza U19"]
[BlackTeam "Warszawa Polonia U19"]
[WhiteTeamCountry "POL"]
[BlackTeamCountry "POL"]

1. d4 Nf6 2. c4 d6 3. Nc3 Nbd7 4. Nf3 e5 5. e4 c6 6. g3 Be7 7. Bg2 0-0 8. 0-0 Re8 9. Re1 a6 10. h3 b5 11. c5 Bb7 12. cxd6 Bxd6 13. Bg5 c5 14. d5 c4 15. Nd2 Rc8 16. Qe2 Bc5 17. Rac1 Bd4 18. a4 Nc5 19. axb5 Nd3 20. Nxc4 Nxe1 21. Rxe1 Bxc3 22. bxc3 axb5 23. Ne3 h6 24. Bxf6 Qxf6 25. Qxb5 Ba6 26. Qb4 Rb8 27. Qa3 Qb6 28. Ra1 Be2 29. c4 Rec8 30. Qe7 Re8 31. Qd7 Red8 32. Qf5 Qd4 33. Rc1 Qd2 34. Ra1 Qd4 35. Rc1 Qd2 36. Rc2 Qe1+ 37. Kh2 Rb1 38. g4 Rd6 39. c5 Rf6 40. Qc8+ Kh7 41. Nf5 Bf3 42. Ne3 Bxg2 43. Nxg2 Qh1+ 44. Kg3 Rb3+ 0-1

[Event "POL-chT U19 37th"]
[Site "Szklarska Poreba"]
[Date "2006.07.02"]
[Round "1.29"]
[White "Demidowicz, Maria"]
[Black "Kozak, Magdalena"]
[Result "0-1"]
[WhiteElo "1961"]
[BlackElo "2205"]
[PlyCount "112"]
[EventDate "2006.07.02"]
[EventType "team-tourn"]
[EventRounds "11"]
[EventCountry "POL"]
[SourceTitle "EXT 2019"]
[Source "ChessBase"]
[SourceDate "2018.10.10"]
[SourceVersion "1"]
[SourceVersionDate "2018.10.10"]
[SourceQuality "1"]
[WhiteTeam "Gorzow Wielkopolski Stilon U19"]
[BlackTeam "Suwalki Hancza U19"]
[WhiteTeamCountry "POL"]
[BlackTeamCountry "POL"]

1. e4 c5 2. Nf3 e6 3. d4 cxd4 4. Nxd4 a6 5. c4 Nf6 6. Bd3 Qc7 7. 0-0 Nc6 8. Bc2 Nb4 9. Nd2 Nxc2 10. Qxc2 Be7 11. f4 d6 12. Qd3 0-0 13. Kh1 e5 14. Nf5 Bxf5 15. exf5 Rad8 16. Ne4 Qc6 17. Nc3 Rfe8 18. Nd5 e4 19. Qd4 b5 20. Nxe7+ Rxe7 21. cxb5 Qxb5 22. Be3 Ree8 23. Rfd1 Qxf5 24. Rac1 Ng4 25. b4 Qb5 26. a3 h6 27. h3 Nf6 28. Rd2 Qa4 29. Qb2 Rc8 30. Rxc8 Rxc8 31. Rxd6 Qb5 32. Qd2 Qf1+ 33. Kh2 Qc4 34. Bc5 Kh7 35. a4 a5 36. Rd4 Qb3 37. Be7 Rc2 38. Qe1 Qb2 39. Qg1 Rxg2+ 40. Qxg2 Qxd4 41. Bc5 Qd1 42. bxa5 Qxa4 43. Qd2 Qc4 44. Bd4 Nd5 45. Be5 e3 46. Qg2 f6 47. f5 Nf4 48. Bxf4 Qxf4+ 49. Kg1 Qxf5 50. a6 Qc5 51. Kh1 f5 52. h4 Qd4 53. Qf3 Qa1+ 54. Kh2 Qxa6 55. Qxe3 Qc4 56. Qe5 Qxh4+ 0-1

[Event "POL-ch U18 Girls"]
[Site "Leba"]
[Date "2006.03.29"]
[Round "7"]
[White "Sikorska, Agata"]
[Black "Kozak, Magdalena"]
[Result "0-1"]
[WhiteElo "2113"]
[BlackElo "2203"]
[PlyCount "106"]
[EventDate "2006.03.25"]
[EventType "swiss"]
[EventRounds "11"]
[EventCountry "POL"]
[SourceTitle "CBM 111 Extra"]
[Source "ChessBase"]
[SourceDate "2006.05.09"]
[SourceVersion "1"]
[SourceVersionDate "2006.05.09"]
[SourceQuality "1"]

1. e4 e6 2. d4 d5 3. Nd2 Nc6 4. Ngf3 Nf6 5. e5 Nd7 6. c3 Be7 7. Bd3 f6 8. Qe2 0-0 9. 0-0 Qe8 10. exf6 Bxf6 11. Re1 e5 12. dxe5 Ndxe5 13. Nxe5 Qxe5 14. Qd1 Qd6 15. Qc2 g6 16. Nf3 Bg7 17. Be3 Bg4 18. Nd4 Ne5 19. Bf1 c5 20. Nb5 Qc6 21. Na3 b6 22. Qd2 Nf7 23. f3 Bf5 24. Rad1 Rad8 25. Bd3 Bxd3 26. Qxd3 Qc7 27. Bf2 Be5 28. h4 Bg7 29. Nb5 Qb7 30. Bg3 Rd7 31. Re6 a6 32. Nd6 Nxd6 33. Bxd6 Rfd8 34. Bf4 d4 35. Qc4 Rd5 36. Bg5 b5 37. Qe2 Rf8 38. Re7 Qc6 39. c4 Rd6 40. b3 Rd7 41. Qe6+ Qxe6 42. Rxe6 Ra8 43. Rd3 Rb7 44. Rc6 Bf8 45. cxb5 axb5 46. b4 c4 47. Rxd4 Bxb4 48. Bh6 Bf8 49. Bg5 Kf7 50. Rf4+ Kg8 51. Rg4 Rbb8 52. Bf4 Rc8 53. Rb6 Bc5+ 0-1

[Event "POL-ch U18 Girls"]
[Site "Leba"]
[Date "2006.03.28"]
[Round "6"]
[White "Kozak, Magdalena"]
[Black "Kaniak, Justyna"]
[Result "1-0"]
[WhiteElo "2203"]
[BlackElo "1847"]
[PlyCount "107"]
[EventDate "2006.03.25"]
[EventType "swiss"]
[EventRounds "11"]
[EventCountry "POL"]
[SourceTitle "CBM 111 Extra"]
[Source "ChessBase"]
[SourceDate "2006.05.09"]
[SourceVersion "1"]
[SourceVersionDate "2006.05.09"]
[SourceQuality "1"]

1. Nf3 Nf6 2. d4 g6 3. c4 c5 4. d5 d6 5. Nc3 Bg7 6. e4 0-0 7. Bd3 Na6 8. h3 Nc7 9. 0-0 a6 10. a4 b6 11. Be3 Bb7 12. Qd2 Re8 13. Bh6 Bh8 14. Rad1 Rc8 15. Rfe1 Nd7 16. Bf1 Bg7 17. Bxg7 Kxg7 18. Nh2 e5 19. dxe6 Rxe6 20. f4 Ne8 21. e5 Qh4 22. Nd5 dxe5 23. Nf3 Qg3 24. Ng5 Rd6 25. Ne4 Rxd5 26. Nxg3 Rxd2 27. Rxd2 exf4 28. Rxd7 Bc6 29. Rd3 fxg3 30. Rxg3 Bxa4 31. Ra3 Bd7 32. Rxa6 Rc6 33. Rd1 Be6 34. Be2 Bf5 35. Bf3 Rf6 36. Ra7 Nd6 37. Be2 Bc2 38. Rc1 Bf5 39. Ra3 Be6 40. Ra6 Nc8 41. Bf3 Rf4 42. Be2 Kf6 43. b3 Ke5 44. Rd1 Rd4 45. Re1 Re4 46. Kf2 Kd4 47. Rc1 Bf5 48. Ra8 Be6 49. Rb8 Ke5 50. Bf3 Rd4 51. Re1+ Kd6 52. Rxe6+ fxe6 53. Rxc8 Rd3 54. Rd8+ 1-0

[Event "POL-ch U18 Girls"]
[Site "Leba"]
[Date "2006.03.27"]
[Round "4"]
[White "Kozak, Magdalena"]
[Black "Leks, Hanna"]
[Result "1/2-1/2"]
[WhiteElo "2203"]
[BlackElo "2203"]
[PlyCount "70"]
[EventDate "2006.03.25"]
[EventType "swiss"]
[EventRounds "11"]
[EventCountry "POL"]
[SourceTitle "CBM 111 Extra"]
[Source "ChessBase"]
[SourceDate "2006.05.09"]
[SourceVersion "1"]
[SourceVersionDate "2006.05.09"]
[SourceQuality "1"]

1. d4 Nf6 2. Nf3 e6 3. g3 b6 4. Bg2 Bb7 5. 0-0 d5 6. c4 Be7 7. Nc3 0-0 8. cxd5 exd5 9. b3 Ne4 10. Bb2 Nd7 11. Rc1 f5 12. Qd3 Bf6 13. Rfd1 Rc8 14. Qb1 a6 15. e3 Qe7 16. Ne2 g5 17. Ne1 Rfe8 18. Nd3 a5 19. Nc3 c5 20. Nb5 Ba6 21. a4 Bxb5 22. axb5 Qe6 23. dxc5 bxc5 24. Bxf6 Ndxf6 25. Qa2 c4 26. bxc4 dxc4 27. Ne1 c3 28. Qe2 Red8 29. Rxd8+ Rxd8 30. f3 Rd2 31. Qf1 Rf2 32. Qd3 Rd2 33. Qb1 Rb2 34. Qd3 Rd2 35. Qb1 Rb2 1/2-1/2